Fasting girls : the history of anorexia nervosa = Ayuno las niñas: la historia de la anorexia nerviosa /
保存先:
| 第一著者: | |
|---|---|
| フォーマット: | 不明 |
| 言語: | English |
| 出版事項: |
New York :
Vintage Books,
2000.
|
| 主題: | |
| タグ: |
タグ追加
タグなし, このレコードへの初めてのタグを付けませんか!
|
MARC
| LEADER | 000000000a22000000004500 | ||
|---|---|---|---|
| 001 | 011608 | ||
| 020 | |a 0375724486 | ||
| 041 | 0 | |a eng | |
| 082 | 0 | 4 | |a 616.85 |b B893f |
| 100 | 1 | |a Brumberg, Joan Jacobs. | |
| 245 | 1 | 0 | |a Fasting girls : |b the history of anorexia nervosa = Ayuno las niñas: la historia de la anorexia nerviosa / |c Brumberg, Joan Jacobs. |
| 246 | 3 | 1 | |a Ayuno las niñas: la historia de la anorexia nerviosa |
| 260 | 1 | |a New York : |b Vintage Books, |c 2000. | |
| 300 | |a 374 páginas | ||
| 650 | 4 | |a ANOREXIA NERVIOSA | |
| 650 | 4 | |a ASPECTOS SOCIALES | |
| 650 | 4 | |a HISTORIA | |
| 650 | 4 | |a ADOLESCENTES | |
| 650 | 4 | |a ENFERMEDADES | |
| 500 | |a Colección George Yúdice | ||
| 999 | |c 17643 |d 17643 | ||
| 942 | |c BK |h 616.85 B893f |2 z | ||



